00936cam a2200265 a 450000100060000000300080000600500170001400800390003102000250007002000150009503500190011004000320012904100080016108200300016924500660019926000790026530000260034449000560037050400540042665000480048065000480052865100340057665100340061070000260064414958BD-RjUL20211208235725.0140209r20112010ii b 000 0 eng a9780198063827 (hbk.) a0198063822 a(BD-RjUL)15012 aDLCcDLCdDLCdBD-RjULbeng aeng042 19a305.550954bMID 201104aThe middle class in colonial India /cedited by Sanjay Joshi. aNew Delhi ;aNew York :bOxford University Press,c2010 [impression 2010]. alvi, 326 p. ;c23 cm.0 aOxford in India readings : Themes in Indian history aIncludes bibliographical references (p. 314-324). 0aMiddle classzIndiaxHistoryy19th century. 0aMiddle classzIndiaxHistoryy20th century. 0aIndiaxHistoryy19th century. 0aIndiaxHistoryy20th century.1 aJoshi, Sanjay,d1962-